| 000 | 00510nam a2200181Ia 4500 | ||
|---|---|---|---|
| 003 | GCL | ||
| 008 | 140319s9999 xx 000 0 ara d | ||
| 040 |
_aGCL / _cGCL |
||
| 082 | 0 | 4 |
_a823.03 _bك ق |
| 100 | 1 | _aكابوت، ترومن | |
| 245 | 1 | 0 |
_aقتل مع سبق الاصرار / _cكابوت، ترومن |
| 700 | 1 | _aالهام سيف النصر | |
| 300 | _a138 ص | ||
| 490 |
_aالكتاب الذهبى _v0 |
||
| 650 | 0 | 4 | _aالادب |
| 650 | 0 | 4 | _aالادب الانجليزى |
| 942 |
_2ddc _cBK |
||
| 999 |
_c41833 _d41833 |
||